=LDR 00000nam 2200000 4500 =001 INLIS000000000009658 =005 20200226014519 =035 ##$$a 0010-061300000009658 =008 200226################g##########0#ind## =041 ##$$a Ind =082 ##$$a 155.4 =090 ##$$a 155.4, Woo b =100 ##$$a Wood, Paul =245 1#$$a Bagaimana agar anak anda melakukan yang anda inginkan /$c Paul Wood, MD dan Bernard Scwarz; Alih bahasa, Meitasari Tjandrasa =260 ##$$a Jakarta,$c 1994 =300 ##$$a xi, 128 hlm ; $c 19 x 13 cm =650 #4$$a Psikologi Anak =700 #$$a Candrasa, Meitasari =850 ##$$a NBPNMAT =020 ##$$a 979-431-225-8 =084 ##$$a 155.4 WOO b =250 ##$$a Cet.1 =990 ##$$a DW00025840